00420 2200157 4500001002100000008004100021035002000062245005600082100002100138260002500159300002200184020002200206084001400228082000800242990001200250INLIS000000000002878 IND  a0010-0925000225 aTuhan, Jadikan Aku Malaikat KecilcEidelweis Almira aEidelweis Almira aJakartabZettuc2013 a152c(13 x 19 cm) a978-602-7735-52-1 a813 EID t a813 a0755100